Základy účtovníctva. /

Uložené v:
Podrobná bibliografia
Hlavný autor: Pataky, Jozef (Author)
Médium: Kniha
Jazyk:Slovak
Vydané: Nitra : Vysoká škola poľnohospodárska, 1993
Vydanie:1. vyd.
Témy:
ISBN: 8071371211 (brož.)
Fyzický popis: 48 s.
Tagy: Pridať tag
Žiadne tagy, Buďte prvý kto otaguje tento záznam!

MARC

LEADER 00000nam a2200000 a 4500
001 000071413
003 SVKK
005 20010430000000.0
008 991104s1993 xo e sloo
020 |a 8071371211 (brož.) 
040 |a SVKKK  |b slo  |c SVKKK  |e AACR2 
041 0 |a slo 
044 |a xo  |c SK 
080 |a 657(075.8)  |2 1997 
100 1 |a Pataky, Jozef  |4 aut 
245 1 0 |a Základy účtovníctva. /  |c Jozef Pataky 
250 |a 1. vyd. 
260 |a Nitra :  |b Vysoká škola poľnohospodárska,  |c 1993 
300 |a 48 s. 
653 0 |a účtovníctvo  |2 SVKKKPH 
653 0 |a základy  |2 SVKKKPH 
653 0 |a učebnice VŠ  |2 SVKKKPH 
655 7 |a učebnice vysokých škôl  |2 SVKKKPH 
910 |a svkkk 
919 |a 80-7137-121-1 
974 |a MI  |d 19991104 
974 |a PA  |d 19991104 
974 |a UH  |d 20010430 
998 |a BK 
090 |g SCKHL  |k Sklad Pribinova 3. posch.  |a V.188522  |j 869897  |i 2720156703  |4 Multiplikát  |s Vyradená 
090 |g SCKHL  |k Sklad Pribinova 3. posch.  |a V.188523  |j 869898  |i 2720040265  |s Absenčne 
090 |g SCKHL  |k Sklad Pribinova 3. posch.  |a V.188524  |j 869899  |i 2720843864  |s Povinný výt.